| 000 | 00437pab a2200169 454500 | ||
|---|---|---|---|
| 008 | 180718b2008 xxu||||| |||| 00| 0 eng d | ||
| 100 | _aHorstmann, Iguatius | ||
| 245 | _aA theory of distributional conflict, voluntarism and segregation | ||
| 260 | _c2008 | ||
| 300 | _ap.427-33. | ||
| 362 | _aMar | ||
| 650 | _aIncome distribution | ||
| 700 | _aScharf, Kimberley A. | ||
| 773 | _aEconomic Journal | ||
| 908 | _aN | ||
| 909 | _a77925 | ||
| 999 |
_c77925 _d77925 |
||